Hình học sơ cấp: T1

Đã lưu trong:
書目詳細資料
主要作者: B I Acgunov
格式: 圖書
語言:Undetermined
出版: Giáo dục 1976
主題:
標簽: 添加標簽
沒有標簽, 成為第一個標記此記錄!
Thư viện lưu trữ: Trung tâm Học liệu Trường Đại học Cần Thơ
LEADER 00415nam a2200157Ia 4500
001 CTU_1387
008 210402s9999 xx 000 0 und d
082 |a 516 
082 |b A175/T1 
100 |a B I Acgunov 
245 0 |a Hình học sơ cấp: T1 
245 0 |c B I Acgunov, M. B. Ban 
260 |b Giáo dục 
260 |c 1976 
650 |a geometry 
980 |a Trung tâm Học liệu Trường Đại học Cần Thơ